Huellas de un trashumante. (Registro nro. 2437)
[ vista simple ]
| 000 -LEADER | |
|---|---|
| fixed length control field | 01091nam a2200205 a 4500 |
| 008 - CAMPO DE CONTROL (LIBRO) | |
| fixed length control field | 161215t2013 ag ||||g |||| 00| faspa d |
| 020 ## - INTERNATIONAL STANDARD BOOK NUMBER | |
| ISBN | 9789876043533 |
| 041 ## - CODIGO DE IDIOMA | |
| Código de idioma del texto/pista de sonido o título separado | spa |
| 092 ## - SIGNATURA TOPOGRAFICA DEWEY LOCAL | |
| número de clasificación | 863 |
| libristica | 18 |
| sección | DUA |
| 100 1# - ENTRADA PRINCIPAL--NOMBRE PERSONAL | |
| Nombre personal | Duarte, Dorián |
| 9 (RLIN) | 3271 |
| 245 ## - TITULO PROPIAMENTE DICHO | |
| Título | Huellas de un trashumante. |
| Subtítulo y Título paralelo | Historia de un campesino / |
| Mención de responsabilidad y remanente de la transcripción de la portada | Dorián Duarte |
| 250 ## - MENCION DE EDICION | |
| Mención de edición | 1a ed. |
| 260 ## - PIE DE IMPRENTA | |
| Lugar de publicación, distribución, etc | Neuquén: |
| Nombre de la editorial, distribuidor, etc | EDUCO; |
| Fecha de publicación | 2013. |
| 300 ## - DESCRIPCION FISICA | |
| Extension | 78 p. |
| Dimensiones | 21x15 cm. |
| 500 ## - NOTA GENERAL | |
| Nota general | Duarte, D. (2013). Huellas de un trashumante. Historia de un campesino. (1a ed.). Neuquén : EDUCO. |
| 505 ## - NOTA DE CONTENIDO | |
| Nota de contenido formateada | Juan nace en un explicito lugar...emparentado con el desierto patagónico, en las genuinas y escarpadas tierras del Neuquén. Camina su vida de trashumante mostrando las distintas sembranzas de la vida de una hombre de campo, comúnmente llamado "chivero". El movimiento recurrente años tras año, hace a la vida del campesino pobre, que no representa al productor agropecuario, sin embargo constituye un ejemplo de voluntad. |
| 590 ## - NOTAS LOCALES (RLIN) | |
| Nota local | Proyecto 4to libro. Donación EDUCO, Septiembre 2017. |
| 655 ## - MATERIA - GENERO/FORMA | |
| Género/Forma | Novela |
| -- | 3091 |
| 942 ## - ADDED ENTRY ELEMENTS (KOHA) | |
| Source of classification or shelving scheme | Dewey Decimal Classification |
| Item type | LITERATURA |
| Estado de retiro | Existencia | Fuente de clasificación | Estado general | No para prestamo | Colección | Ubicación permanente | ubicación actual | Sala de ubicación | Fecha de adquisición | Fuente de adquisición | Total Checkouts | Número de clasificación | Código de barras | Date last seen | Número de ejemplar | Price effective from | Koha tipo de elemento (item) | Public note |
|---|---|---|---|---|---|---|---|---|---|---|---|---|---|---|---|---|---|---|
| Dewey Decimal Classification | Fiction | Biblioteca Medicina | Biblioteca Medicina | Circulación | 14/09/2017 | Proyecto 4to Libro. Donación EDUCO, Septiembre 2017 | 863 18 DUA | 3899 | 14/09/2017 | Ej. 1 | 14/09/2017 | LITERATURA | Proyecto 4to Libro. Donación EDUCO, Septiembre 2017 | |||||
| Dewey Decimal Classification | Fiction | Biblioteca Medicina | Biblioteca Medicina | Circulación | 14/09/2017 | Proyecto 4to Libro. Donación EDUCO, Septiembre 2017 | 863 18 DUA | 3900 | 14/09/2017 | Ej. 2 | 14/09/2017 | LITERATURA | Proyecto 4to Libro. Donación EDUCO, Septiembre 2017 |